Estadísticas para Lenguajes Principales de EE. UU.

Haz click aquí para intentar la prueba.

Estadísticas generales

  • Esta prueba ha sido intentada 1.825 veces
  • La puntuación promedio es 15 de 28

Estadísticas de respuestas

# de hablantesLenguaje% Correcto
37 MEspañol
100%
231 MInglés
100%
1.31 MFrancés
99%
1.06 MAlemán
94%
709 milItaliano
92%
693 milPortugués
89%
449 milJaponés
87%
879 milRuso
87%
924 milÁrabe
83%
1.12 MCoreano
68%
1.37 MMandarín
67%
580 milPolaco
66%
305 milGriego
59%
643 milHindi
50%
1.61 MTagalo
47%
1.40 MVietnamita
44%
268 milSerbo-Croata
39%
213 milHebreo
38%
1.29 MCantonés
36%
391 milPersa
36%
398 milUrdú
26%
258 milBengalí
24%
215 milHmong
24%
238 milArmenio
17%
740 milCriollo francés
14%
254 milPanyabí
11%
373 milGuyaratí
8%
248 milTélugu
7%

Distribución de puntuación

Porcentaje por número respondido

Porcentaje de gente con cada puntuación

Historial de tus puntuaciones

No has intentado esta prueba.